1-3. Bundesliga Clubs mit einem Tier im Logo - Statistics

General Stats
  • This quiz has been taken 32 times
    24 since last reset
  • The average score is 7 of 13
Answer Stats
Answer % Correct
1.FC Köln (Geißbock)
83%
Eintracht Frankfurt (Adler)
83%
1860 München (Löwe)
78%
Bayer Leverkusen (Löwe)
72%
RB Leipzig (Bulle)
67%
SC Freiburg (Adler)
67%
Eintracht Braunschweig (Löwe)
56%
Aachen (Adler)
39%
Union Berlin (Bär)
39%
1.Fc Saarbrücken (Löwe)
33%
Preußen Münster (Adler)
22%
Ingolstadt (Löwe)
17%
Rostock (Drache)
17%
No matching quizzes found
Score Distribution
Percent of People with Each Score
Percentile by Number Answered
Your Score History
You have not taken this quiz since the last reset